[Event "Torneio Rio Masters - S2000"]
[Site "Hotel Mirador - Copacabana"]
[Date "2022.05.10"]
[Round "1.1"]
[White "Di Berardino, Diego Rafael"]
[Black "Santos, Rafael Ventura Dos"]
[Result "1-0"]
[WhiteElo "2490"]
[BlackElo "2161"]
[PlyCount "133"]
[EventDate "2022.05.10"]
[EventRounds "6"]
[EventCountry "BRA"]

1. d4 Nf6 2. c4 g6 3. g3 Bg7 4. Bg2 O-O 5. Nc3 d6 6. Nf3 Nbd7 7. O-O e5 8. e4
exd4 9. Nxd4 Re8 10. h3 Nc5 11. Re1 a5 12. Qc2 c6 13. Be3 a4 14. Rad1 Nfd7 15.
f4 Qb6 16. Bf2 Qb4 17. Bf1 Nb6 18. Qc1 Qa5 19. Nc2 Bxc3 20. bxc3 Nxe4 21. Qb2
Nd7 22. Rxe4 Rxe4 23. Rxd6 Re8 24. Qa3 Qf5 25. Ne3 Qc5 26. Qb4 Qxb4 27. cxb4
Nf8 28. g4 Ne6 29. f5 Rd8 30. Rxd8+ Nxd8 31. c5 f6 32. Nc4 Nf7 33. Nb6 Rb8 34.
Bc4 Bxf5 35. gxf5 Rd8 36. fxg6 hxg6 37. Nxa4 Kg7 38. Nc3 Ne5 39. Be2 f5 40. Be3
Nd3 41. Bg5 Rd4 42. a3 Rd7 43. Na4 f4 44. Nc3 Rd4 45. Bg4 Ne5 46. Ne2 Rd1+ 47.
Kf2 Nxg4+ 48. hxg4 Ra1 49. Bxf4 Rxa3 50. Be5+ Kf7 51. Bc3 Ra8 52. Ke3 Re8+ 53.
Kd3 Rd8+ 54. Bd4 Rd5 55. Ng1 Rd8 56. Nf3 Ke6 57. Ne5 g5 58. Nf3 Kd5 59. Nxg5
Rf8 60. Ne4 Rf4 61. Nf6+ Ke6 62. g5 Rf3+ 63. Be3 Rf1 64. Ne4 Rb1 65. Bd2 Rg1
66. Nd6 Rg3+ 67. Ke4 1-0

[Event "Torneio Rio Masters - S2000"]
[Site "Hotel Mirador - Copacabana"]
[Date "2022.05.10"]
[Round "1.2"]
[White "Silva, Kaua Marques"]
[Black "Limp, Eduardo Thelio"]
[Result "1-0"]
[WhiteElo "2126"]
[BlackElo "2322"]
[PlyCount "71"]
[EventDate "2022.05.10"]
[EventRounds "6"]
[EventCountry "BRA"]

1. e4 e5 2. Nf3 Nc6 3. Bc4 Bc5 4. c3 Nf6 5. d4 exd4 6. e5 d5 7. Bb5 Ne4 8. cxd4
Bb4+ 9. Nbd2 O-O 10. O-O Bxd2 11. Bxd2 Bg4 12. Be3 f5 13. Bxc6 bxc6 14. Qc1 f4
15. Bxf4 Rb8 16. b3 Rb6 17. Qe3 Qe8 18. Ne1 Be2 19. Qxe2 Rxf4 20. Qe3 Rf5 21.
g4 Rf8 22. f3 Nd6 23. Nd3 Qe7 24. Rae1 Nf7 25. Nc5 Ng5 26. e6 Nh3+ 27. Kh1 g5
28. Nd7 Nf4 29. Nxf8 Kxf8 30. Qe5 Kg8 31. Qf5 Rb8 32. Re5 h6 33. Qc2 Rb6 34.
Rfe1 Kg7 35. Rf5 Nxe6 36. Rfe5 1-0

[Event "Torneio Rio Masters - S2000"]
[Site "Hotel Mirador - Copacabana"]
[Date "2022.05.10"]
[Round "1.3"]
[White "Aranha Filho, Alvaro Z."]
[Black "Da Silva, Paolo Ghiu M. Rego"]
[Result "0-1"]
[WhiteElo "2226"]
[BlackElo "2124"]
[PlyCount "68"]
[EventDate "2022.05.10"]
[EventRounds "6"]
[EventCountry "BRA"]

1. d4 Nf6 2. Nf3 b6 3. c4 e6 4. a3 Bb7 5. Nc3 d5 6. cxd5 Nxd5 7. e3 Nd7 8. Bd3
Be7 9. e4 Nxc3 10. bxc3 c5 11. O-O cxd4 12. cxd4 O-O 13. Qe2 Nf6 14. Bb2 Rc8
15. Rad1 Rc7 16. d5 exd5 17. e5 Nd7 18. e6 Nc5 19. exf7+ Rxf7 20. Ne5 Rf8 21.
Bxh7+ Kxh7 22. Qh5+ Kg8 23. Ng6 Bf6 24. Bxf6 Qxf6 25. Qh8+ Kf7 26. Nxf8 Rc8 27.
Qh5+ Kxf8 28. Rfe1 Rd8 29. Re5 Kg8 30. f3 Rf8 31. Rde1 Nd3 32. Re7 Nxe1 33.
Rxb7 Qd4+ 34. Kf1 Nd3 0-1

[Event "Torneio Rio Masters - S2000"]
[Site "Hotel Mirador - Copacabana"]
[Date "2022.05.10"]
[Round "1.4"]
[White "Lage, Pedro Ferreira"]
[Black "Rangel, Daniel"]
[Result "1/2-1/2"]
[WhiteElo "2100"]
[BlackElo "2207"]
[PlyCount "167"]
[EventDate "2022.05.10"]
[EventRounds "6"]
[EventCountry "BRA"]

1. Nf3 Nf6 2. c4 g6 3. Nc3 Bg7 4. e4 d6 5. d4 O-O 6. Be2 Nbd7 7. O-O e5 8. Re1
c6 9. Bf1 Qe7 10. h3 Re8 11. Be3 exd4 12. Bxd4 Ne5 13. Rc1 Nfd7 14. Be3 Nc5 15.
Nd4 a5 16. b3 Qf8 17. Qd2 Ned7 18. Bf4 Ne5 19. Rcd1 a4 20. Be3 axb3 21. axb3
Ned7 22. Bf4 Ne5 23. Be3 Ned7 24. Bf4 Nf6 25. Qc2 Nh5 26. Be3 Be5 27. b4 Na6
28. b5 Nb4 29. Qd2 c5 30. Nde2 Ra3 31. Ra1 Rxa1 32. Rxa1 Be6 33. g4 Ng7 34. f4
Bf6 35. Ng3 Bc8 36. g5 Bd8 37. Ra8 Bc7 38. Nd5 Nxd5 39. cxd5 Bb6 40. Qb2 Bd7
41. Ra4 Ra8 42. Qa1 Rxa4 43. Qxa4 Qe8 44. Kf2 Kf8 45. Bc1 Qb8 46. Bb2 Qa7 47.
Qxa7 Bxa7 48. Bc3 Bb6 49. Be2 Ne8 50. e5 Nc7 51. exd6 Nxb5 52. Bxb5 Bxb5 53.
Ne4 Bd3 54. Nf6 Bf5 55. Be5 Bd8 56. d7 Ke7 57. Kg3 b5 58. Kf3 Bxd7 59. Ne4 Bxh3
60. Nxc5 Bf5 61. d6+ Ke8 62. Ke3 Bb6 63. Kd4 Be6 64. Bf6 b4 65. d7+ Bxd7 66.
Kc4 Bxc5 67. Kxc5 b3 68. Kd6 Bf5 69. Kc7 Bc2 70. Kc6 Kf8 71. Kd7 Bf5+ 72. Kd8
Be6 73. Be7+ Kg8 74. Bf6 h5 75. gxh6 Kh7 76. Bg7 f6 77. Bxf6 Kxh6 78. Ke7 Bc4
79. Bb2 Kh5 80. Kf6 Bd3 81. Ke5 Kg4 82. Kd4 Bf5 83. Bc1 Kf3 84. Kc3 {( 
[ilegÃƒÂ­vel)} 1/2-1/2

[Event "Torneio Rio Masters - S2000"]
[Site "Hotel Mirador - Copacabana"]
[Date "2022.05.10"]
[Round "1.5"]
[White "Guimaraes, Wagner Peixoto"]
[Black "Araujo, Renan Aparecido"]
[Result "1-0"]
[WhiteElo "2204"]
[BlackElo "2025"]
[PlyCount "115"]
[EventDate "2022.05.10"]
[EventRounds "6"]
[EventCountry "BRA"]

1. e4 c5 2. Nf3 d6 3. d4 cxd4 4. Nxd4 Nf6 5. Nc3 g6 6. g3 Bg7 7. Bg2 O-O 8. O-O
Bg4 9. f3 Bd7 10. Be3 Nc6 11. Nde2 Ne5 12. b3 b5 13. a4 a6 14. Qd2 Rb8 15. axb5
axb5 16. Ra2 b4 17. Nd5 Nxd5 18. exd5 Bb5 19. Re1 Bxe2 20. Rxe2 Qc7 21. Bd4 Ra8
22. Rxa8 Rxa8 23. Qxb4 Ra2 24. Qd2 Qa5 25. Qxa5 Rxa5 26. f4 Nf3+ 27. Bxf3 Bxd4+
28. Kg2 Kf8 29. Re4 Ba7 30. Rc4 Rc5 31. Rxc5 dxc5 32. Kf1 Ke8 33. Ke2 Kd7 34.
Kd3 Kd6 35. Kc4 Kc7 36. h4 Kb6 37. d6 e6 38. d7 Kc7 39. Bc6 Bb6 40. Ba4 Kd6 41.
Kb5 Bd8 42. Kc4 f6 43. c3 e5 44. fxe5+ fxe5 45. b4 cxb4 46. cxb4 h5 47. Bc2 g5
48. hxg5 Bxg5 49. Bf5 h4 50. gxh4 Bxh4 51. Kb5 Bd8 52. Ka6 e4 53. b5 Kc5 54.
Bxe4 Bc7 55. Kb7 Ba5 56. Bc6 Kd6 57. b6 Ke7 58. Kc7 1-0

[Event "Torneio Rio Masters - S2000"]
[Site "Hotel Mirador - Copacabana"]
[Date "2022.05.10"]
[Round "1.7"]
[White "Ribeiro, Matheus Mendes Domi"]
[Black "Gomes, Pedro Pessoa"]
[Result "0-1"]
[WhiteElo "2168"]
[BlackElo "2016"]
[PlyCount "57"]
[EventDate "2022.05.10"]
[EventRounds "6"]
[EventCountry "BRA"]

1. c4 c5 2. Nf3 Nc6 3. Nc3 g6 4. g3 Bg7 5. Bg2 d6 6. O-O h5 7. h4 Nh6 8. a3 e5
9. d3 Bg4 10. Rb1 a5 11. Nd5 Nf5 12. b4 cxb4 13. axb4 a4 14. Ng5 Ncd4 15. f3
Nxg3 16. fxg4 Ngxe2+ 17. Kh2 hxg4 18. Rxf7 g3+ 19. Kh1 Rxh4+ 20. Bh3 Qxg5 21.
Kg2 Rxh3 22. Re7+ Kd8 23. Qg1 Qf5 24. Rf7 Qxf7 25. Bg5+ Ke8 26. Rf1 Rh2+ 27.
Qxh2 Qxf1+ 28. Kxf1 gxh2 29. Kg2 0-1

[Event "Torneio Rio Masters - S2000"]
[Site "Hotel Mirador - Copacabana"]
[Date "2022.05.11"]
[Round "2.1"]
[White "Da Silva, Paolo Ghiu M. Rego"]
[Black "Di Berardino, Diego Rafael"]
[Result "0-1"]
[WhiteElo "2124"]
[BlackElo "2490"]
[PlyCount "120"]
[EventDate "2022.05.10"]
[EventRounds "6"]
[EventCountry "BRA"]

1. d4 Nf6 2. c4 g6 3. Nf3 Bg7 4. b3 O-O 5. Bb2 d6 6. e3 e5 7. dxe5 Nfd7 8. Be2
dxe5 9. Nc3 Nc6 10. Na4 Re8 11. O-O e4 12. Nd4 Nce5 13. Qc2 a6 14. c5 Nf6 15.
Rfd1 Qe7 16. b4 Bg4 17. Bc3 Rad8 18. Nb2 Nd5 19. Be1 Bxe2 20. Qxe2 Qg5 21. Rab1
h5 22. Nc4 Nd3 23. Bd2 h4 24. h3 Bxd4 25. exd4 N3f4 26. Qg4 Qxg4 27. hxg4 Ne2+
28. Kf1 Nec3 29. Bxc3 Nxc3 30. Rbc1 Nxa2 31. Rc2 Nxb4 32. Rb2 Nd3 33. Rxb7 Rxd4
34. Ne3 Nxc5 35. Rxc7 Rxd1+ 36. Nxd1 Ne6 37. Ra7 Nc5 38. Rc7 Nd3 39. Ra7 Re6
40. Nc3 e3 41. fxe3 Rxe3 42. Ne2 Re6 43. Rd7 Nc5 44. Rc7 Ne4 45. Nd4 Rd6 46.
Nf3 Nd2+ 47. Ke2 Nxf3 48. Kxf3 Rd3+ 49. Kf4 h3 50. gxh3 Rxh3 51. Ra7 Ra3 52. g5
Ra1 53. Kg3 Kf8 54. Kf3 a5 55. Kg2 a4 56. Kh2 a3 57. Kg2 a2 58. Kh2 Ke8 59. Ra3
Ke7 60. Ra6 Kd7 {(ilegÃ­vel)} 0-1

[Event "Torneio Rio Masters - S2000"]
[Site "Hotel Mirador - Copacabana"]
[Date "2022.05.11"]
[Round "2.2"]
[White "Gomes, Pedro Pessoa"]
[Black "Guimaraes, Wagner Peixoto"]
[Result "0-1"]
[WhiteElo "2016"]
[BlackElo "2204"]
[PlyCount "58"]
[EventDate "2022.05.10"]
[EventRounds "6"]
[EventCountry "BRA"]

1. c4 e6 2. d4 Nf6 3. Nc3 Bb4 4. e3 b6 5. Be2 Bb7 6. Bf3 Bxf3 7. Qxf3 d5 8.
Nge2 Nbd7 9. cxd5 exd5 10. a3 Bxc3+ 11. Nxc3 c6 12. O-O O-O 13. a4 Re8 14. b4
a6 15. Bb2 b5 16. Qg3 Nb6 17. a5 Nc4 18. Bc1 Qe7 19. Na2 Ne4 20. Qg4 g6 21. Qd1
f5 22. Rb1 Rad8 23. Rb3 Rd6 24. f3 Nf6 25. Kf2 Re6 26. Qd3 f4 27. Re1 Nh5 28.
g3 fxe3+ 29. Bxe3 Ng7 0-1

[Event "Torneio Rio Masters - S2000"]
[Site "Hotel Mirador - Copacabana"]
[Date "2022.05.11"]
[Round "2.3"]
[White "Viana, Dirceu"]
[Black "Silva, Kaua Marques"]
[Result "1-0"]
[WhiteElo "2170"]
[BlackElo "2126"]
[PlyCount "105"]
[EventDate "2022.05.10"]
[EventRounds "6"]
[EventCountry "BRA"]

1. Nf3 c5 2. b3 d6 3. c4 e5 4. Nc3 Nc6 5. Bb2 g6 6. g3 Bg7 7. d3 Nge7 8. Bg2
O-O 9. O-O h6 10. Nd2 Be6 11. a3 d5 12. cxd5 Nxd5 13. Rc1 b6 14. b4 cxb4 15.
Nxd5 Bxd5 16. e4 Be6 17. Rxc6 Qxd3 18. Qc2 Rfd8 19. Nb1 bxa3 20. Bxa3 b5 21.
Qxd3 Rxd3 22. Rfc1 a5 23. Bf1 Rb3 24. Bd6 a4 25. Rb6 a3 26. Nxa3 Rbxa3 27. Bxa3
Rxa3 28. Rxb5 Ra4 29. Bd3 Rd4 30. Bb1 Bf6 31. Kg2 g5 32. Ra5 g4 33. Ba2 Bg5 34.
Rc7 Bd8 35. Ra8 Bxa2 36. Rcc8 Kg7 37. Rxd8 Rxd8 38. Rxd8 Bc4 39. Rd6 Be2 40.
Rb6 Bf3+ 41. Kf1 Bxe4 42. Ke2 Bf5 43. Kd2 h5 44. Kc3 Bg6 45. Kc4 Bf5 46. Kd5 f6
47. Kd6 Bg6 48. Ke7 f5 49. Kd6 e4 50. Ke5 Kh6 51. Kf4 h4 52. Re6 hxg3 53. hxg3
1-0

[Event "Torneio Rio Masters - S2000"]
[Site "Hotel Mirador - Copacabana"]
[Date "2022.05.11"]
[Round "2.4"]
[White "Rangel, Daniel"]
[Black "Aranha Filho, Alvaro Z."]
[Result "1/2-1/2"]
[WhiteElo "2207"]
[BlackElo "2226"]
[PlyCount "67"]
[EventDate "2022.05.10"]
[EventRounds "6"]
[EventCountry "BRA"]

1. d4 Nf6 2. c4 e6 3. Nf3 b6 4. Nc3 Bb7 5. e3 d5 6. cxd5 exd5 7. Bd3 Be7 8. Qc2
Nbd7 9. g4 Bb4 10. Bd2 O-O 11. O-O-O Re8 12. h4 Ne4 13. Ng5 Bxc3 14. Bxc3 h6
15. Nxe4 dxe4 16. Bc4 Nf6 17. g5 Nd5 18. gxh6 gxh6 19. Rdg1+ Kh8 20. Rg4 Qf6
21. Rhg1 Nxc3 22. Rf4 Qd6 23. Qxc3 Bd5 24. Kb1 Rg8 25. Rxg8+ Rxg8 26. Bxd5 Qxd5
27. Qxc7 Rg1+ 28. Kc2 Qxa2 29. Qc8+ Kh7 30. Qf5+ Kh8 31. Qe5+ Kg8 32. Qe8+ Kg7
33. Qe5+ Kg8 34. Qe8+ 1/2-1/2

[Event "Torneio Rio Masters - S2000"]
[Site "Hotel Mirador - Copacabana"]
[Date "2022.05.11"]
[Round "2.5"]
[White "Limp, Eduardo Thelio"]
[Black "Lage, Pedro Ferreira"]
[Result "1-0"]
[WhiteElo "2322"]
[BlackElo "2100"]
[PlyCount "103"]
[EventDate "2022.05.10"]
[EventRounds "6"]
[EventCountry "BRA"]

1. g3 d5 2. Bg2 c6 3. Nf3 Bg4 4. O-O Nd7 5. d3 e6 6. c4 Ngf6 7. b3 Be7 8. Bb2
O-O 9. Nbd2 a5 10. a3 b5 11. Qc2 Qb6 12. cxb5 cxb5 13. Rfc1 Qa6 14. Qc6 Nb8 15.
Qxa6 Nxa6 16. Nd4 b4 17. a4 Bc5 18. Bf3 Rfc8 19. Nb5 Bf8 20. Bxf6 Bxf3 21. Nxf3
gxf6 22. d4 Be7 23. e3 Kf8 24. Kf1 Ke8 25. Ke2 Kd7 26. Kd3 Nc7 27. Nxc7 Rxc7
28. Rxc7+ Kxc7 29. Rc1+ Kd7 30. e4 dxe4+ 31. Kxe4 Rg8 32. h3 f5+ 33. Kd3 Bd6
34. Ne5+ Bxe5 35. dxe5 f4 36. g4 h5 37. f3 Rh8 38. Rc5 hxg4 39. hxg4 Rh3 40.
Ke4 Rh2 41. Rxa5 Rb2 42. Ra7+ Ke8 43. a5 Rxb3 44. a6 Ra3 45. Ra8+ Ke7 46. a7 b3
47. Kd3 Ra2 48. Kc3 b2 49. Kc2 Ra1 50. Kxb2 Ra4 51. g5 Ra5 52. g6 1-0

[Event "Torneio Rio Masters - S2000"]
[Site "Hotel Mirador - Copacabana"]
[Date "2022.05.11"]
[Round "2.6"]
[White "Araujo, Renan Aparecido"]
[Black "Ribeiro, Matheus Mendes Domi"]
[Result "0-1"]
[WhiteElo "2025"]
[BlackElo "2168"]
[PlyCount "168"]
[EventDate "2022.05.10"]
[EventRounds "6"]
[EventCountry "BRA"]

1. e4 c5 2. Nf3 e6 3. d4 cxd4 4. Nxd4 Nf6 5. Bd3 Nc6 6. Nxc6 dxc6 7. O-O e5 8.
Nd2 Bc5 9. Nc4 Qe7 10. Be3 O-O 11. Bg5 h6 12. Bh4 b5 13. Ne3 g5 14. Bg3 Bxe3
15. fxe3 Bg4 16. Qe1 Bh5 17. Qc3 c5 18. Qxe5 Qxe5 19. Bxe5 Nd7 20. Bd6 c4 21.
Bxf8 Rxf8 22. Rf5 cxd3 23. cxd3 a6 24. Rc1 Re8 25. Rd5 Ne5 26. b4 Be2 27. Rc3
Bxd3 28. Rcxd3 Nxd3 29. Rxd3 Rxe4 30. a3 Re6 31. g4 Rc6 32. Kf2 Kg7 33. Kf3 Rc2
34. h3 Rh2 35. Kg3 Ra2 36. h4 Ra1 37. h5 Kf8 38. Kf3 Ke7 39. Ke4 Rg1 40. Kf5
Rf1+ 41. Ke4 Rc1 42. Ke5 Rc6 43. Kf5 Rc4 44. e4 Rc2 45. a4 bxa4 46. Ra3 Rf2+
47. Ke5 f6+ 48. Kd5 Rd2+ 49. Kc5 Rg2 50. Rxa4 Rxg4 51. Rxa6 Rxe4 52. Ra7+ Ke6
53. Rh7 g4 54. Rxh6 g3 55. Rg6 Re5+ 56. Kd4 Rd5+ 57. Ke3 Rxh5 58. Rxg3 Rh4 59.
b5 Rb4 60. Kf2 Rb2+ 61. Kf3 Rxb5 62. Rg4 Rb3+ 63. Kf2 Ke5 64. Ra4 f5 65. Ra5+
Kf4 66. Ra4+ Kg5 67. Ra2 Kg4 68. Rc2 f4 69. Ra2 Rh3 70. Ra4 Rh2+ 71. Kg1 Re2
72. Kf1 Re3 73. Kf2 Rb3 74. Ra2 Rb8 75. Rc2 Rh8 76. Rc4 Rh1 77. Kg2 Rb1 78. Rc2
Rb3 79. Kf2 Rh3 80. Rc4 Rh2+ 81. Kg1 Re2 82. Rb4 Kg3 83. Rb3+ f3 84. Rb1 Rg2+
0-1

[Event "Torneio Rio Masters - S2000"]
[Site "Hotel Mirador - Copacabana"]
[Date "2022.05.11"]
[Round "2.7"]
[White "Santos, Rafael Ventura Dos"]
[Black "Campos, Alexandre Ferreira"]
[Result "0-1"]
[WhiteElo "2161"]
[BlackElo "2025"]
[PlyCount "62"]
[EventDate "2022.05.10"]
[EventRounds "6"]
[EventCountry "BRA"]

1. c4 f5 2. d4 g6 3. Bg5 Bg7 4. e3 c5 5. Ne2 Nc6 6. Nbc3 Nf6 7. Qd2 O-O 8. d5
Ne5 9. Ng3 d6 10. h4 Nf7 11. Bf4 e5 12. dxe6 Bxe6 13. O-O-O Ne5 14. b3 Ne8 15.
Nb5 Qf6 16. Bg5 Nd3+ 17. Kc2 Nb4+ 18. Qxb4 Qb2+ 19. Kd3 cxb4 20. Rd2 Qb1+ 21.
Rc2 d5 22. Be2 dxc4+ 23. bxc4 Bxc4+ 24. Kd2 Bc3+ 25. Nxc3 bxc3+ 26. Kxc3 Qb6
27. Bxc4+ Kg7 28. Be7 Nd6 29. Bxf8+ Rxf8 30. Bb3 f4 31. exf4 Rxf4 0-1

[Event "Torneio Rio Masters - S2000"]
[Site "Hotel Mirador - Copacabana"]
[Date "2022.05.12"]
[Round "3.1"]
[White "Di Berardino, Diego Rafael"]
[Black "Viana, Dirceu"]
[Result "1-0"]
[WhiteElo "2490"]
[BlackElo "2170"]
[PlyCount "137"]
[EventDate "2022.05.10"]
[EventRounds "6"]
[EventCountry "BRA"]

1. Nf3 Nf6 2. c4 e6 3. d4 Bb4+ 4. Bd2 a5 5. Nc3 b6 6. e3 Bb7 7. Bd3 O-O 8. O-O
d6 9. Qc2 Nbd7 10. a3 Bxc3 11. Bxc3 Qe7 12. b4 axb4 13. axb4 c5 14. e4 e5 15.
bxc5 bxc5 16. d5 Rfb8 17. Nd2 Qd8 18. Nb3 Rxa1 19. Rxa1 Ra8 20. Na5 Qc7 21. Rb1
Rb8 22. f3 Kf8 23. g3 Bc8 24. Nc6 Rxb1+ 25. Qxb1 Qb7 26. Qa2 Nb8 27. Na7 Qa6
28. Qa5 Ne8 29. Nxc8 Qxc8 30. Qa8 Nc7 31. Qa7 Ne8 32. Bc2 Nd7 33. Ba4 Ndf6 34.
Ba5 h5 35. Kg2 Kg8 36. h4 Kf8 37. Bb5 g6 38. Bc6 Kg7 39. Bb6 Kg8 40. Bb7 Qd7
41. Qa8 Kg7 42. Bc6 Qe7 43. Bd8 Qf8 44. Qb8 Kg8 45. Qb7 Qh6 46. Qb2 Qe3 47. Ba5
Qd3 48. Bb5 Kg7 49. Qd2 Qb1 50. Qe2 Kg8 51. Bd8 Kg7 52. Be7 Kg8 53. Qf2 Qd1 54.
Bd8 Kg7 55. Qa2 Qd3 56. Ba5 Kg8 57. Qd2 Qb1 58. Ba4 Kg7 59. Qc2 Qb8 60. Qb3
Qxb3 61. Bxb3 Kf8 62. Bd8 Ng8 63. Ba4 Nh6 64. Kf2 Ng8 65. Ke3 Nh6 66. Kd3 f5
67. Bd7 Nf7 68. Ba5 Ke7 69. Bc8 1-0

[Event "Torneio Rio Masters - S2000"]
[Site "Hotel Mirador - Copacabana"]
[Date "2022.05.12"]
[Round "3.2"]
[White "Guimaraes, Wagner Peixoto"]
[Black "Rangel, Daniel"]
[Result "1/2-1/2"]
[WhiteElo "2204"]
[BlackElo "2207"]
[PlyCount "42"]
[EventDate "2022.05.10"]
[EventRounds "6"]
[EventCountry "BRA"]

1. Nf3 Nf6 2. d4 d5 3. c4 c6 4. Nc3 e6 5. Bg5 Nbd7 6. e3 h6 7. Bh4 g5 8. Bg3
Nh5 9. Bd3 Nxg3 10. hxg3 Bg7 11. Qc2 a6 12. a3 b5 13. cxd5 cxd5 14. g4 Bb7 15.
Rd1 Rc8 16. Qb3 O-O 17. a4 Bc6 18. axb5 axb5 19. O-O Rb8 20. Na2 b4 21. Qc2 b3
1/2-1/2

[Event "Torneio Rio Masters - S2000"]
[Site "Hotel Mirador - Copacabana"]
[Date "2022.05.12"]
[Round "3.3"]
[White "Campos, Alexandre Ferreira"]
[Black "Limp, Eduardo Thelio"]
[Result "1/2-1/2"]
[WhiteElo "2025"]
[BlackElo "2322"]
[PlyCount "97"]
[EventDate "2022.05.10"]
[EventRounds "6"]
[EventCountry "BRA"]

1. c4 d6 2. g3 e5 3. Bg2 Nc6 4. Nc3 g6 5. d3 Bg7 6. e4 Nf6 7. Nge2 O-O 8. O-O
a5 9. a3 Nd7 10. Rb1 Nc5 11. b4 axb4 12. axb4 Ne6 13. Be3 f5 14. exf5 gxf5 15.
b5 Ncd4 16. Bxd4 exd4 17. Nd5 Be5 18. Qd2 Bd7 19. f4 Bg7 20. Nb4 Nc5 21. Rb2
Re8 22. Nc2 Na4 23. Rb3 Nc5 24. Rb2 Qe7 25. Bf3 c6 26. Bh5 Red8 27. bxc6 bxc6
28. Nexd4 Bxd4+ 29. Nxd4 Qf6 30. Ne2 Nxd3 31. Ra2 Rxa2 32. Qxa2 Nc5 33. Rd1 Qe7
34. Qd2 Ne4 35. Qe3 Be8 36. Bxe8 Rxe8 37. Nd4 Qf7 38. Nxc6 Qxc4 39. Rc1 Qf7 40.
Qd4 h5 41. Ra1 Qg7 42. Qd5+ Kh8 43. Ra7 Qb2 44. Qd4+ Qxd4+ 45. Nxd4 Rf8 46. Ra5
Nc5 47. Nb5 Ne4 48. Nd4 Nc5 49. Nb5 1/2-1/2

[Event "Torneio Rio Masters - S2000"]
[Site "Hotel Mirador - Copacabana"]
[Date "2022.05.12"]
[Round "3.4"]
[White "Ribeiro, Matheus Mendes Domi"]
[Black "Da Silva, Paolo Ghiu M. Rego"]
[Result "0-1"]
[WhiteElo "2168"]
[BlackElo "2124"]
[PlyCount "96"]
[EventDate "2022.05.10"]
[EventRounds "6"]
[EventCountry "BRA"]

1. c4 Nf6 2. Nc3 c5 3. g3 Nc6 4. Nf3 b6 5. Bg2 Bb7 6. O-O g6 7. d4 cxd4 8. Nxd4
Bg7 9. Nxc6 Bxc6 10. Nd5 Bxd5 11. cxd5 d6 12. Qa4+ Qd7 13. Qa3 O-O 14. Bg5 Qb5
15. e4 h6 16. Bxf6 Bxf6 17. Rab1 Rfc8 18. b3 Rc2 19. b4 Qe2 20. Rbe1 Qd2 21. e5
Rxa2 22. Qb3 Rb2 23. Qa4 dxe5 24. d6 Rd8 25. Rd1 Qxb4 26. dxe7 Qxe7 27. Rxd8+
Qxd8 28. Qxa7 Kg7 29. Qb7 Rd2 30. Bf3 Qd4 31. Bc6 Qd6 32. Ra1 Qc5 33. Rf1 e4
34. Bxe4 Bd4 35. Kh1 Bxf2 36. Bc6 Re2 37. Bg2 b5 38. Bd5 Re7 39. Qc6 b4 40.
Qxc5 Bxc5 41. Rc1 Bd4 42. Rc6 Re5 43. Bb3 Re3 44. Bc4 b3 45. Kg2 b2 46. Rc7
b1=Q 47. Rxf7+ Kh8 48. Rf8+ Kh7 0-1

[Event "Torneio Rio Masters - S2000"]
[Site "Hotel Mirador - Copacabana"]
[Date "2022.05.12"]
[Round "3.5"]
[White "Silva, Kaua Marques"]
[Black "Gomes, Pedro Pessoa"]
[Result "1-0"]
[WhiteElo "2126"]
[BlackElo "2016"]
[PlyCount "83"]
[EventDate "2022.05.10"]
[EventRounds "6"]
[EventCountry "BRA"]

1. e4 c5 2. Nf3 g6 3. d4 cxd4 4. Nxd4 Bg7 5. c4 Nc6 6. Be3 Nf6 7. Nc3 O-O 8.
Be2 d6 9. O-O Bd7 10. h3 Nxd4 11. Bxd4 Bc6 12. Qc2 a5 13. Rad1 Qc7 14. Qd3 Nd7
15. Bxg7 Kxg7 16. Nd5 Bxd5 17. exd5 Qb6 18. Qc3+ Kg8 19. Rfe1 Rfe8 20. Rd3 Qb4
21. Qc1 Nc5 22. Re3 Rac8 23. b3 Rc7 24. a3 Qb6 25. Qb2 f5 26. g3 Nd7 27. Qd2
Ne5 28. Kg2 Qc5 29. b4 axb4 30. axb4 Qa7 31. c5 Rf8 32. Qb2 Nf7 33. Ra1 Qb8 34.
Qd4 Qc8 35. Ra5 Qd7 36. Bb5 Qc8 37. c6 Ne5 38. f4 bxc6 39. Ba6 Qd7 40. fxe5
cxd5 41. Qxd5+ Kh8 42. exd6 1-0

[Event "Torneio Rio Masters - S2000"]
[Site "Hotel Mirador - Copacabana"]
[Date "2022.05.12"]
[Round "3.6"]
[White "Aranha Filho, Alvaro Z."]
[Black "Lage, Pedro Ferreira"]
[Result "1/2-1/2"]
[WhiteElo "2226"]
[BlackElo "2100"]
[PlyCount "150"]
[EventDate "2022.05.10"]
[EventRounds "6"]
[EventCountry "BRA"]

1. d4 d5 2. c4 c6 3. Nc3 Nf6 4. e3 g6 5. Nf3 Bg7 6. Be2 O-O 7. O-O Bg4 8. cxd5
cxd5 9. Qb3 b6 10. h3 Bxf3 11. Bxf3 e6 12. Bd2 Nc6 13. Qa4 Na5 14. b3 a6 15.
Rfc1 b5 16. Qa3 Nb7 17. Nd1 Qb6 18. Rc2 Rfc8 19. Rac1 Rxc2 20. Rxc2 Ne4 21.
Bxe4 dxe4 22. Qe7 Nd6 23. Bb4 Bf8 24. Qd7 Rd8 25. Qc6 Qxc6 26. Rxc6 e5 27. d5
Nf5 28. Bxf8 Kxf8 29. Rxa6 b4 30. g3 Rxd5 31. Nb2 Nd6 32. Rb6 Rd2 33. Na4 Ke7
34. Rxb4 Rxa2 35. Nc3 Rb2 36. Nxe4 Nxe4 37. Rxe4 Rxb3 38. Rxe5+ Kf6 39. Ra5 h5
40. Kg2 Rc3 41. Ra6+ Ke5 42. Kf3 Rb3 43. Ra7 Kf6 44. h4 Rb2 45. e4 Rc2 46. Ke3
Rb2 47. f3 Rb4 48. Kf4 Rc4 49. Ra6+ Ke7 50. Ke5 Rc5+ 51. Kd4 Rb5 52. Ra7+ Ke6
53. Ke3 Rb4 54. Kf4 Kf6 55. Rc7 Ra4 56. Rc6+ Ke7 57. g4 hxg4 58. fxg4 Ra5 59.
Rb6 Rc5 60. Rb8 Kf6 61. Rb7 Ra5 62. Rd7 Ke6 63. Rb7 Rc5 64. Rb6+ Ke7 65. Rb1
Kf6 66. Rd1 Ke6 67. Rd5 Rxd5 68. exd5+ Kxd5 69. Kg5 Ke6 70. Kh6 Ke7 71. g5 Kf8
72. Kh7 Ke8 73. Kg7 Ke7 74. Kg8 Ke8 75. Kg7 Ke7 1/2-1/2

[Event "Torneio Rio Masters - S2000"]
[Site "Hotel Mirador - Copacabana"]
[Date "2022.05.12"]
[Round "3.7"]
[White "Santos Filho, Tadeu Sousa"]
[Black "Araujo, Renan Aparecido"]
[Result "1/2-1/2"]
[WhiteElo "2016"]
[BlackElo "2025"]
[PlyCount "66"]
[EventDate "2022.05.10"]
[EventRounds "6"]
[EventCountry "BRA"]

1. e4 c5 2. Nf3 d6 3. d4 cxd4 4. Nxd4 Nf6 5. f3 e5 6. Nb3 Be7 7. c4 a5 8. Be3
a4 9. Nc1 Qa5+ 10. Qd2 Bd8 11. Bd3 Bb6 12. Qxa5 Bxa5+ 13. Kf2 Nc6 14. Na3 Be6
15. Ne2 Ke7 16. Rac1 Rhc8 17. Rhd1 Bb4 18. g4 Na5 19. Nc2 Bc5 20. Bxc5 Rxc5 21.
Ne3 Ra6 22. Rc3 Rb6 23. Rd2 Rb4 24. Rdc2 Nd7 25. f4 f6 26. f5 Bf7 27. h4 Rc6
28. Nd5+ Bxd5 29. cxd5 Rcb6 30. Rc8 Nc5 31. Rc7+ Nd7 32. Rc8 Nc5 33. Rc7+ Nd7
1/2-1/2

[Event "Torneio Rio Masters - S2000"]
[Site "Hotel Mirador - Copacabana"]
[Date "2022.05.13"]
[Round "4.1"]
[White "Guimaraes, Wagner Peixoto"]
[Black "Di Berardino, Diego Rafael"]
[Result "0-1"]
[WhiteElo "2204"]
[BlackElo "2490"]
[PlyCount "69"]
[EventDate "2022.05.10"]
[EventRounds "6"]
[EventCountry "BRA"]

1. Nf3 Nf6 2. d4 e6 3. e3 b6 4. Bd3 Bb7 5. O-O c5 6. c4 Be7 7. Nc3 cxd4 8. exd4
d6 9. b3 O-O 10. Bb2 d5 11. Re1 Nbd7 12. Ne5 dxc4 13. Bxc4 a6 14. a4 Bb4 15.
Re3 Bxc3 16. Rxc3 Ne4 17. Rh3 Ndf6 18. Bd3 h6 19. Qe2 b5 20. f4 Qd5 21. Rf1 Nd6
22. f5 exf5 23. Bxf5 Nxf5 24. Rxf5 Qe4 25. Qxe4 Nxe4 26. Re3 Rac8 27. Nd7 Rfd8
28. Nc5 Nxc5 29. dxc5 Rd2 30. Bc3 Rxg2+ 31. Kf1 Rxh2 32. axb5 axb5 33. Rg3 g5
34. Re3 Rc2 35. b4 {(ilegÃƒÂ­vel)} 0-1